| 000 | 01298nam a22002657a 4500 | ||
|---|---|---|---|
| 005 | 20170124103207.0 | ||
| 010 | _aA-743545 | ||
| 020 | _c125.00 | ||
| 035 | _aA-743545 | ||
| 037 | _bCen Lib/Ret | ||
| 040 |
_aDPL _bHN |
||
| 082 |
_a181.45 _bज्ञानेश्व |
||
| 245 |
_aहिन्दी ज्ञानेश्वरी / _cअनुवादक रघुनाथ माधव भगाड़े |
||
| 246 |
_aHindi gyaneshwari / _banuvadak Raghunath Madhav Bhagaade |
||
| 260 |
_aदिल्ली _bचौखम्बा संस्कृत प्रतिष्ठान प्रकाशन |
||
| 270 |
_a37,यू,ए . बंगलो रोड जवाहर नगर _bदिल्ली _e110007 |
||
| 300 |
_a720पृष्ठ _c19सेमी(सजिल्द ) |
||
| 490 | _aब्रज जीवन प्राच्य भारती ग्रंथमाला - 63 | ||
| 650 |
_a दर्शन शास्त्र _9110638 |
||
| 650 |
_aज्ञान विज्ञान योग _9110639 |
||
| 650 |
_a Philosophy _9110640 |
||
| 650 |
_aKnowledge Science Yoga _994628 |
||
| 700 |
_a रघुनाथ माधव भगाड़े _9110641 |
||
| 942 |
_2ddc _cHN _h181.45 _mज्ञानेश्व |
||
| 999 |
_c121101 _d121101 |
||